000 00350nam a22001457a 4500
003 OSt
008 250224b |||||||| |||| 00| 0 eng d
041 _aeng
082 _a515.1163
_bTHO/CA
100 _aThomas, George B
_97239
245 _aCalculus and Analytic Geometry
260 _bPearson,
_c2006.
700 _aFinny, Rose L
_97240
942 _cBK
999 _c19445
_d19445